The four loves / (Record no. 26448)
[ view plain ]
| 000 -LEADER | |
|---|---|
| fixed length control field | 00872nam a22002537a 4500 |
| 003 - CONTROL NUMBER IDENTIFIER | |
| control field | OSt |
| 005 - DATE AND TIME OF LATEST TRANSACTION | |
| control field | 20220504041623.0 |
| 008 - FIXED-LENGTH DATA ELEMENTS--GENERAL INFORMATION | |
| fixed length control field | 170317b xxu||||| |||| 00| 0 eng d |
| 010 ## - LIBRARY OF CONGRESS CONTROL NUMBER | |
| LC control number | 91004033 |
| 020 ## - INTERNATIONAL STANDARD BOOK NUMBER | |
| International Standard Book Number | 9780006280897 |
| 040 ## - CATALOGING SOURCE | |
| Original cataloging agency | MMU |
| Transcribing agency | MMU |
| Modifying agency | MMU |
| Language of cataloging | eng. |
| 050 00 - LIBRARY OF CONGRESS CALL NUMBER | |
| Classification number | BV4639 |
| Item number | .L45 1991 |
| 082 00 - DEWEY DECIMAL CLASSIFICATION NUMBER | |
| Classification number | 241/.4 |
| Edition number | 20 |
| 100 1# - MAIN ENTRY--PERSONAL NAME | |
| Personal name | Lewis, C. S. |
| Fuller form of name | (Clive Staples), |
| Dates associated with a name | 1898-1963. |
| 245 14 - TITLE STATEMENT | |
| Title | The four loves / |
| Statement of responsibility, etc. | C.S. Lewis. |
| 250 ## - EDITION STATEMENT | |
| Edition statement | 1st ed. |
| 260 ## - PUBLICATION, DISTRIBUTION, ETC. (IMPRINT) | |
| Place of publication, distribution, etc. | New York : |
| Name of publisher, distributor, etc. | Harcourt Brace Jovanovich, |
| Date of publication, distribution, etc. | c1960. |
| 300 ## - PHYSICAL DESCRIPTION | |
| Extent | 170 p. ; |
| Dimensions | 21 cm. |
| 440 #3 - SERIES STATEMENT/ADDED ENTRY--TITLE | |
| Title | An HBJ modern classic |
| 650 #0 - SUBJECT ADDED ENTRY--TOPICAL TERM | |
| Topical term or geographic name as entry element | Love |
| General subdivision | Religious aspects |
| -- | Christianity. |
| 856 42 - ELECTRONIC LOCATION AND ACCESS | |
| Materials specified | Publisher description |
| Uniform Resource Identifier | <a href="http://www.loc.gov/catdir/description/har041/91004033.html">http://www.loc.gov/catdir/description/har041/91004033.html</a> |
| 856 42 - ELECTRONIC LOCATION AND ACCESS | |
| Materials specified | Contributor biographical information |
| Uniform Resource Identifier | <a href="http://www.loc.gov/catdir/enhancements/fy1003/91004033-b.html">http://www.loc.gov/catdir/enhancements/fy1003/91004033-b.html</a> |
| 942 ## - ADDED ENTRY ELEMENTS (KOHA) | |
| Source of classification or shelving scheme | Library of Congress Classification |
| Koha item type | L |
| Withdrawn status | Lost status | Source of classification or shelving scheme | Damaged status | Not for loan | Home library | Current library | Date acquired | Source of acquisition | Total Checkouts | Full call number | Barcode | Date last seen | Price effective from | Koha item type |
|---|---|---|---|---|---|---|---|---|---|---|---|---|---|---|
| Library of Congress Classification | Maasai Mara University Library -Main Campus | Maasai Mara University Library -Main Campus | 03/29/2017 | Donation -T4C | BV4639 .L45 1960 | 17029136 | 03/29/2017 | 03/29/2017 | L |